| 000 | 00747nam a2200205 i 4500 | ||
|---|---|---|---|
| 001 | 102417 | ||
| 003 | ES-MaACL | ||
| 005 | 20230906183115.0 | ||
| 007 | t| | ||
| 008 | 051110s1953 po ||||1| fre d | ||
| 100 | 1 |
_aAcciaiuoli, Luís de Meneses, _d1888-1958 _918205 |
|
| 245 | 1 | 3 |
_aLe Portugal hydromineral _b: II volume / _cpar Luís de Menezes Correa Acciaiuoli. |
| 260 |
_aLisbonne : _b[s.n.], _c1953 ( _fImp. Ramos) |
||
| 300 |
_a574 p., 8 lám. ; _c23 cm. |
||
| 500 | _aPrecede al tít.: Direction Generale des Mines et des Services Geologiques. | ||
| 650 | 0 | 4 |
_aAguas minerales- _zPortugal. _99699 |
| 710 | 2 |
_aPortugal. _bDirecçao Geral de Minas e Serviços Geológicos. _96242 |
|
| 852 |
_aES-MaACL _jE-3465 |
||
| 999 |
_c102417 _d102417 |
||